Fr. Conceicao Rodrigues College of Engineering

Ad Hoc and sensor network (Record no. 26780)

MARC details
000 -LEADER
fixed length control field 00342nam a2200169Ia 4500
082 ## - DEWEY DECIMAL CLASSIFICATION NUMBER
Classification number 4.6
Item number COR
100 ## - MAIN ENTRY--PERSONAL NAME
Personal name Cordeiro/C.M
245 ## - TITLE STATEMENT
Title Ad Hoc and sensor network
260 ## - PUBLICATION, DISTRIBUTION, ETC.
Name of publisher, distributor, etc. World Scientific
Date of publication, distribution, etc. 2006
366 ## - TRADE AVAILABILITY INFORMATION
Publishers's discount category 25
300 ## - PHYSICAL DESCRIPTION
Extent 641
546 ## - LANGUAGE NOTE
Language note ENGLISH
-- TTL
650 ## - SUBJECT ADDED ENTRY--TOPICAL TERM
Topical term or geographic name entry element Sensor
654 ## - SUBJECT ADDED ENTRY--FACETED TOPICAL TERMS
Focus term sensor
942 ## - ADDED ENTRY ELEMENTS (KOHA)
Koha item type BOOK
Holdings
Withdrawn status Lost status Damaged status Not for loan Collection Home library Current library Date acquired Source of acquisition Cost, normal purchase price Inventory number Total Checkouts Full call number Barcode Date last seen Cost, replacement price Price effective from Koha item type
        CRC Fr. Agnel's C.Rodrigues College of Engineering Fr. Agnel's C.Rodrigues College of Engineering 17/03/2023 Allied Publishers 337.50 201 dt 17/04/2011   4.6 COR 21452 17/03/2023 450.00   BOOK